| 000 | 00000nam##2200000za#4500 |
| 001 | 9.694004 |
| 003 | CaOODSP |
| 005 | 20240209132431 |
| 007 | cr ||||||||||| |
| 008 | 150407|2007||||xxc|||||o f|0| 0 eng|d |
| 040 | |aCaOODSP|beng |
| 043 | |an-cn--- |
| 086 | 1 |aIu89-4/28-3-2007E-PDF |
| 110 | 2 |aAtlantic Canada Opportunities Agency. |
| 245 | 10|aInvesting in women in business - [Prince Edward Island] |h[electronic resource] |
| 246 | 1 |iAt head of title : |aWomen in Business Initiative |
| 260 | |aMoncton - New Brunswick : |bAtlantic Canada Opportunities Agency |c[2007]. |
| 300 | |a1p.|bphotographs |
| 500 | |aThe catalogue number (Iu89-4/28-3-2007) and ISBN (978-0-662-05058-2) for the bilingual print edition have been incorrectly copied in this electronic publication. |
| 590 | |a11-07-Supp|b2011-05-17 |
| 690 | 07|aBusiness services|2gcpds |
| 690 | 07|aAtlantic provinces|2gcpds |
| 690 | 07|aWomen workers|2gcpds |
| 775 | 08|tInvestir dans les femmes en affaires - [L'Île-du-Prince-Édouard] |w(CaOODSP)9.638187 |
| 776 | 0#|tInvesting in women in business |w(CaOODSP)9.669153 |
| 776 | 0#|tInvestir dans les femmes en affaires |w(CaOODSP)9.669154 |
| 856 | 40|ahttp://publications.gc.ca|qPDF|s540 KB|uhttps://publications.gc.ca/collections/collection_2010/apeca-acoa/Iu89-4-28-3-2007-eng.pdf |